1456 1486 1520 1464 1726 1935 1804 1619 1254 1315 1438 1477 1796 1669 1120 1693 1923 1353 1036 1966 1585 1475 1827 1202 1923 1921 1208 1787 1630 1305 1408 1326 1175 1772 1497 1973 1639 1470 1542 1546 1189 1826 1863 1403 1067 1243 1705 1806 1249 1091 1316 1828 1512 1419 1971 1519 1431 1559 1958 1786 1670 1501 1600 1254 1884 1595 1410 1154 1720 1977 1539 1851 1841 1262 1370 1824 1078 1414 1630 1526 1015 1714 1543 1347 1442 1954 1820 1950 1212 1459 1261 1623 1606 1016 1707 1751 1664 1146 1333 BCNSPRNW ULIB Ver.6.0+V

เปลี่ยนเป็นภาษาไทย

Change to English
 แสดงรายละเอียดบรรณานุกรม
  กลับหน้าหลัก

Brief Record : Get Marc (ISO 2709) : E-mail record : QR code < ปิดหน้าต่าง
LEADER : 00000nam 2200000uu 4500
001    13399121777
003     ULIB
008    121206s2553||||th 000 0 tha d
020    ^a9789740585992
060 04 ^aWQ300^bศ291ก
100 0  ^aศศิธร พุมดวง
245 10 ^aการลดปวดในระยะคลอดโดยไม่ใช้ยา /^cศศิธร พุมดวง
250    ^aพิมพ์ครั้งที่ 2,5,6,9
260    ^aสงขลา :^bคณะพยาบาลศาสตร์ มหาวิทยาลัยสงขลานครินทร์,^c2553
300    ^a114 หน้า :^bภาพประกอบ ;^c26 ซม.
500    พิมพ์ครั้งที่ 2 ปี2551,พิมพ์ครั้งที่ 5 ปี 2552,พิมพ์ครั้งที่ 6 ปี2552,พิมพ์ครั้งที่ 9 ปี2553
650  7 ^aการคลอด
650  7 ^aการพยาบาลสูติศาสตร์
650  7 ^aดนตรีบำบัด
650  7 ^aความเจ็บปวด^xในระยะตั้งครรภ์^xการรักษา
945    ^p150^l0^i15439
945    ^p150^l0^i15857
945    ^p150^l0^i16207
945    ^p150^l0^i17026
945    ^p150^l0^i15858
945    ^p150^l0^i17027
995    ^aทศพร
999    ^aทศพร เกษรทอง
รายการนี้ยังไม่มีแท็ก
คุณยังไม่ได้ล็อกอิน คุณสามารถมีกิจกรรมร่วมกับเว็บไซต์ได้ แต่ต้องล็อกอินก่อน ::
  ล็อกอิน

รายการสื่อสารสนเทศ

ลำดับที่ ประเภท เลขเรียก/บาร์โค้ด สถานที่ สถานะ
1. วิทยาศาสตร์การแพทย์ และสุขภาพ
วิทยาศาสตร์การแพทย์ และสุขภาพ
WQ300 ศ291ก  
  Barcode: 15439
ห้องสมุดวิทยาเขตสวรรค์ประชารักษ์
►ส่วนจัดเก็บหนังสือเก่า สปร
บนชั้น
  ขอยืม
2. วิทยาศาสตร์การแพทย์ และสุขภาพ
วิทยาศาสตร์การแพทย์ และสุขภาพ
WQ300 ศ291ก  
  Barcode: 15857
ห้องสมุดวิทยาเขตสวรรค์ประชารักษ์
►ส่วนจัดเก็บหนังสือเก่า สปร
บนชั้น
  ขอยืม
3. วิทยาศาสตร์การแพทย์ และสุขภาพ
วิทยาศาสตร์การแพทย์ และสุขภาพ
WQ300 ศ291ก  
  Barcode: 17026
ห้องสมุดวิทยาเขตนครสวรรค์
►ส่วนจัดเก็บหนังสือเก่า นว.
บนชั้น
  ขอยืม
4. วิทยาศาสตร์การแพทย์ และสุขภาพ
วิทยาศาสตร์การแพทย์ และสุขภาพ
WQ300 ศ291ก ฉ.5 
  Barcode: 15858
ห้องสมุดวิทยาเขตนครสวรรค์
►ส่วนจัดเก็บหนังสือเก่า นว.
บนชั้น
  ขอยืม
5. วิทยาศาสตร์การแพทย์ และสุขภาพ
วิทยาศาสตร์การแพทย์ และสุขภาพ
WQ300 ศ291ก ฉ.6 
  Barcode: 17027
ห้องสมุดวิทยาเขตนครสวรรค์
►ส่วนจัดเก็บหนังสือเก่า นว.
บนชั้น
  ขอยืม

รายการใกล้เคียง
    ผู้แต่ง [ศศิธร พุมดวง]

    หัวเรื่อง [การคลอด]
    หัวเรื่อง [การพยาบาลสูติศาสตร์]
    หัวเรื่อง [ดนตรีบำบัด]

BibComment


ยังไม่เคยถูกคอมเมนท์

คอมเมนท์ทรัพยากรรายการนี้
  คอมเมนท์: การลดปวดในระยะคล..


 Copyright 2026. Bcnsprnw @Library